000 00708nam a2200229Ia 4500
003 OSt
005 20220925220036.0
006 a|||||r|||| 00| 0
007 ta
008 220923b |||||||| |||| 00| 0 eng d
037 _cGeneral Book
040 _aRTL
_cRTL
_beng
041 _2eng
_aeng
082 _aX62.3.N14<-M91, L2
100 _aGoodhart C A E
_9250774
245 0 _aBusiness of banking, 1891-1914
260 _aLondon
_bLondon school of economics and political science UK
_c1972
300 _aix, 628p. Bib p 613-20; Appendix p 221-612
_ccm.
650 _aOther Countries
_9231018
942 _hX62.3.N14<-M91, L2
_cGB
_2CC
999 _c570361
_d570361